Kapitálové dohody Basel, smernice Európskej únie CAD a oceňovanie rizík bankového a obchodného portfólia komerčných bánk
Poukázanie na to, akým spôsobom a v akom rozsahu boli implementované jednotlivé požiadavky Basel I a Basel II do smerníc EÚ, ako sú smernice OFD, SRD, CAD I , CAD II a CAD III. Dôraz sa kladie na určité súvislosti medzi kvantitatívnou a kvalitatívnou stránkou merania rizík bankového a obchodného por...
Salvato in:
| Autore principale: | |
|---|---|
| Natura: | Capitolo di libro |
| Lingua: | slovacco |
| Soggetti: | |
| Tags: |
Nessun Tag, puoi essere il primo ad aggiungerne!!
|
MARC
| LEADER | 00000naa$a2200000$$$4500 | ||
|---|---|---|---|
| 001 | 0055120 | ||
| 005 | 20240502083137.8 | ||
| 041 | 0 | |a slo | |
| 044 | |a CZ | ||
| 245 | 1 | 0 | |a Kapitálové dohody Basel, smernice Európskej únie CAD a oceňovanie rizík bankového a obchodného portfólia komerčných bánk |c Eva Horvátová |
| 520 | |a Poukázanie na to, akým spôsobom a v akom rozsahu boli implementované jednotlivé požiadavky Basel I a Basel II do smerníc EÚ, ako sú smernice OFD, SRD, CAD I , CAD II a CAD III. Dôraz sa kladie na určité súvislosti medzi kvantitatívnou a kvalitatívnou stránkou merania rizík bankového a obchodného portfólia. Rovnako sa poukazuje na určité rozdiely medzi smernicami EÚ a dokumentami Basel I, II, ako aj na teritoriálne rozdiely v ich aplikácii, ktoré vedú k nerovnakému postaveniu bánk a investičných podnikov v jednotlivých geografických oblastiach. | ||
| 610 | 2 | 0 | |a banky |
| 610 | 2 | 0 | |a portfólio |
| 610 | 2 | 0 | |a riziko bankové |
| 610 | 2 | 0 | |a riziko obchodné |
| 610 | 2 | 0 | |a Európska únia |
| 610 | 2 | 0 | |a smernice |
| 610 | 2 | 0 | |a Basel I |
| 610 | 2 | 0 | |a Basel II |
| 100 | 1 | |a Horvátová, Eva, 1958- | |